Hablan los hijos: discursos y estéticas de la perspectiva infantil en la literatura contemporánea

Kaydedildi:
Detaylı Bibliyografya
Asıl Yazarlar: Jeftanovic, Andrea (Yazar), Navia, María José (Yazar), Pérez, María Belén (Yazar), Sayagués, Lucía (Yazar)
Materyal Türü: Kitap
Dil:İspanyolca
Baskı/Yayın Bilgisi: Santiago Cuarto Propio 2011
Edisyon:2a. ed
Seri Bilgileri:Ensayo. Literatura
Konular:
Etiketler: Etiketle
Etiket eklenmemiş, İlk siz ekleyin!

MARC

LEADER 00000cam a2200000 a 4500
001 UCE1823
003 CL-VaPUC
008 140519e20111100cl |||||||||||||||||spa|d
020 |a 9789562605793 
082 0 4 |a 305.230983  |b JEF  |2 21 
100 |a Jeftanovic, Andrea  |e author  |9 588870 
700 0 |a Navia, María José  |e author  |9 574214 
700 0 |a Pérez, María Belén  |e author  |9 574215 
700 0 |a Sayagués, Lucía  |e author  |9 574216 
245 1 0 |a Hablan los hijos: discursos y estéticas de la perspectiva infantil en la literatura contemporánea 
250 |a 2a. ed 
300 |a 273 p 
942 |c BK 
945 |d 20140519 10:12:00  |a dcastane 
260 |a Santiago  |b Cuarto Propio  |c 2011 
650 0 |a Grupos sociales  |9 268887 
650 0 |a Literatura contemporánea   |9 321959 
650 0 |a Literatura infantil   |9 307465 
650 0 |a Crítica e interpretación   |9 255042 
583 |a last modification  |c 20140519 10:12:00  |k Rodrigo Vera 
490 0 |a Ensayo. Literatura 
999 |c 355507  |d 355505 
952 |0 0  |1 0  |3 erb  |4 0  |6 305_230983000000000_JEF_2011  |7 0  |8 A  |9 462263  |a BIBEDU  |b BIBEDU  |i 5074991  |l 1  |o 305.230983 JEF 2011  |p 5074991  |r 2022-12-15  |s 2022-11-21  |w 2019-11-23  |y BK  |z Catalogado en:20140519  |k LIT